[Event "Brno op"]
[Site "Brno"]
[Date "2015.08.24"]
[Round "3"]
[White "Glacner, Karel"]
[Black "Kosina, Vladimir"]
[Result "0-1"]
[WhiteElo "1550"]
[BlackElo "1734"]
[PlyCount "96"]
[EventDate "2015.08.23"]
[EventType "swiss"]
[EventRounds "9"]
[EventCountry "CZE"]
[SourceTitle "EXT 2016"]
[Source "ChessBase"]
[SourceDate "2015.10.08"]
[SourceVersion "1"]
[SourceVersionDate "2015.10.08"]
[SourceQuality "1"]

1. Nf3 Nf6 2. c4 e6 3. g3 d5 4. d4 c6 5. Ne5 Be7 6. Bg2 0-0 7. 0-0 Bd7 8. Nc3 Na6 9. c5 Be8 10. a3 Nd7 11. f4 f6 12. Nf3 Nc7 13. b4 Bf7 14. g4 Kh8 15. h4 Rg8 16. Kh2 a6 17. g5 Qe8 18. Rh1 Bh5 19. Kg3 Bd8 20. e4 Nb5 21. Nxb5 axb5 22. Re1 Qf7 23. Ra2 Bc7 24. Qb3 Ra4 25. exd5 exd5 26. Rae2 Bd8 27. Qe3 Nf8 28. Bh3 Ra8 29. Bg4 Bxg4 30. Kxg4 h5+ 31. Kg3 Qd7 32. Nh2 Ng6 33. Qe6 Qxe6 34. Rxe6 Kh7 35. f5 Bc7+ 36. Kf2 Nxh4 37. g6+ Kh8 38. Ng4 Nxf5 39. Rh1 Bg3+ 40. Kf3 h4 41. Be3 Rxa3 42. Nxf6 Nxd4+ 43. Kg4 Nxe6 44. Bg5 Nxg5 45. Nh5 Rga8 46. Nxg3 Rxg3+ 47. Kxh4 Rh3+ 48. Rxh3 Nxh3 0-1

[Event "Brno op"]
[Site "Brno"]
[Date "2015.08.23"]
[Round "1"]
[White "Pokorny, Petr"]
[Black "Kosina, Vladimir"]
[Result "1-0"]
[WhiteElo "2164"]
[BlackElo "1734"]
[PlyCount "67"]
[EventDate "2015.08.23"]
[EventType "swiss"]
[EventRounds "9"]
[EventCountry "CZE"]
[SourceTitle "EXT 2016"]
[Source "ChessBase"]
[SourceDate "2015.10.08"]
[SourceVersion "1"]
[SourceVersionDate "2015.10.08"]
[SourceQuality "1"]

1. d4 c5 2. dxc5 e6 3. Nc3 Bxc5 4. Ne4 d5 5. Nxc5 Qa5+ 6. c3 Qxc5 7. Nf3 Nf6 8. Be3 Qc7 9. g3 Nbd7 10. Bg2 0-0 11. 0-0 b6 12. a4 Bb7 13. a5 Rfb8 14. a6 Bc8 15. Qc2 b5 16. b3 e5 17. c4 bxc4 18. bxc4 Rb4 19. Ra4 Rab8 20. Rc1 Rb2 21. Qd1 d4 22. Nxd4 exd4 23. Bxd4 R2b4 24. c5 R8b5 25. c6 Nb6 26. Rxb4 Rxb4 27. Bc5 Rb5 28. Bd6 Qd8 29. c7 Qd7 30. Bc6 Rd5 31. Bxd5 Nfxd5 32. Bc5 Qe6 33. Bxb6 Bxa6 34. Qxd5 1-0

[Event "Brno op 5th"]
[Site "Brno"]
[Date "2014.11.16"]
[Round "2"]
[White "Tajovsky, Matej"]
[Black "Kosina, Vladimir"]
[Result "1-0"]
[WhiteElo "1429"]
[BlackElo "1763"]
[PlyCount "71"]
[EventDate "2014.11.15"]
[EventType "swiss"]
[EventRounds "9"]
[EventCountry "CZE"]
[SourceTitle "CBM 163 Extra"]
[Source "ChessBase"]
[SourceDate "2014.12.23"]
[SourceVersion "1"]
[SourceVersionDate "2014.12.23"]
[SourceQuality "1"]

1. e4 c5 2. Nf3 Nc6 3. d4 cxd4 4. Nxd4 d6 5. Nc3 Nf6 6. Bg5 e6 7. Qd2 Be7 8. 0-0-0 a6 9. Kb1 Bd7 10. f4 0-0 11. Be2 Rc8 12. Bf3 Qc7 13. Qe3 Rfd8 14. Nxc6 Bxc6 15. Qf2 b5 16. a3 Qb7 17. Rhe1 a5 18. e5 dxe5 19. Bxc6 Rxc6 20. Bxf6 Bxf6 21. fxe5 Be7 22. Qf3 Rb8 23. Rd4 b4 24. axb4 Bxb4 25. Red1 h6 26. Rd8+ Rxd8 27. Rxd8+ Kh7 28. Qd3+ g6 29. Nb5 Qe7 30. Rd7 Qf8 31. Qf3 Kg8 32. Qxc6 Be7 33. Qc7 Bg5 34. Nd6 Bf4 35. Rxf7 Qa8 36. Rg7+ 1-0

[Event "Brno CEZ op"]
[Site "Brno"]
[Date "2014.08.27"]
[Round "5"]
[White "Effenberger, Adam"]
[Black "Kosina, Vladimir"]
[Result "1-0"]
[WhiteElo "1734"]
[BlackElo "1799"]
[PlyCount "119"]
[EventDate "2014.08.24"]
[EventType "swiss"]
[EventRounds "9"]
[EventCountry "CZE"]
[SourceTitle "CBM 162 Extra"]
[Source "ChessBase"]
[SourceDate "2014.10.17"]
[SourceVersion "1"]
[SourceVersionDate "2014.10.17"]
[SourceQuality "1"]

1. e4 c6 2. d4 d5 3. Nc3 e6 4. Nf3 Bb4 5. e5 Ne7 6. Bd3 Nd7 7. 0-0 Nf8 8. a3 Ba5 9. Be3 h6 10. Nd2 a6 11. f4 Nf5 12. Qf3 Bb6 13. Ne2 g6 14. c3 Bd7 15. Bf2 h5 16. Ng3 Qe7 17. Nxf5 exf5 18. Qh3 Bd8 19. Nf3 Ne6 20. Bh4 Qf8 21. g3 Bxh4 22. Qxh4 Qe7 23. Qxe7+ Kxe7 24. Kf2 Rag8 25. h4 Rg7 26. a4 c5 27. Rfc1 Rc8 28. Ke3 cxd4+ 29. Nxd4 Nc5 30. Bc2 Ne4 31. Ne2 Rgg8 32. Rd1 Be6 33. Rd4 a5 34. Rad1 Rc5 35. Bb3 Rd8 36. c4 dxc4 37. Rxd8 cxb3 38. Rb8 Rc7 39. Rdd8 Bd7 40. Ra8 Bxa4 41. Rdb8 Bd7 42. Rxa5 Bc6 43. Nd4 Nxg3 44. Nxc6+ bxc6 45. Rxb3 c5 46. Rc3 Ne4 47. Rca3 Kf8 48. Ra7 Rc6 49. R3a6 Re6 50. Ra8+ Kg7 51. Rxe6 fxe6 52. Kd3 Kf7 53. Kc4 Ke7 54. Rc8 Nd2+ 55. Kxc5 Nf3 56. b4 Kd7 57. Rc6 Nxh4 58. Rd6+ Ke7 59. b5 g5 60. b6 1-0

[Event "Brno Duras op-B"]
[Site "Brno"]
[Date "2014.07.05"]
[Round "8"]
[White "Pelikan, Karel"]
[Black "Kosina, Vladimir"]
[Result "1-0"]
[WhiteElo "1734"]
[BlackElo "1799"]
[PlyCount "97"]
[EventDate "2014.06.28"]
[EventType "swiss"]
[EventRounds "9"]
[EventCountry "CZE"]
[SourceTitle "EXT 2017"]
[Source "ChessBase"]
[SourceDate "2016.10.25"]
[SourceVersion "1"]
[SourceVersionDate "2016.10.25"]
[SourceQuality "1"]

1. d4 c6 2. c4 d5 3. e3 Nf6 4. Nc3 Nbd7 5. Nf3 e6 6. Bd3 Bd6 7. 0-0 Nf8 8. e4 dxe4 9. Nxe4 Nxe4 10. Bxe4 Ng6 11. Bd2 a5 12. a3 Bd7 13. Bc3 0-0 14. Qc2 Qe7 15. Rfe1 Bc7 16. d5 Rfe8 17. Rad1 Rac8 18. Bxg6 hxg6 19. Qd3 cxd5 20. cxd5 Bb6 21. d6 Qd8 22. Re5 f6 23. Qxg6 Rxc3 24. bxc3 fxe5 25. Ng5 Bxf2+ 26. Kh1 Qxg5 27. Qxg5 e4 28. Qc1 e3 29. Rd4 Rf8 30. h3 Rf6 31. Re4 Bc6 32. Rxe3 Bxe3 33. Qxe3 Kf7 34. Kh2 Rg6 35. g4 Rf6 36. Qe5 g6 37. Qxa5 Rf2+ 38. Kg1 Rd2 39. Qc7+ Kg8 40. Qd8+ Kh7 41. Qe7+ Kh8 42. Qxe6 Kg7 43. Qe5+ Kg8 44. g5 Bd7 45. h4 Bc6 46. Qe7 b5 47. Qf6 Be8 48. Qd8 Re2 49. d7 1-0

[Event "Brno Duras op-B"]
[Site "Brno"]
[Date "2014.07.01"]
[Round "4"]
[White "Dvorakova, Olga"]
[Black "Kosina, Vladimir"]
[Result "0-1"]
[WhiteElo "1455"]
[BlackElo "1799"]
[PlyCount "88"]
[EventDate "2014.06.28"]
[EventType "swiss"]
[EventRounds "9"]
[EventCountry "CZE"]
[SourceTitle "EXT 2017"]
[Source "ChessBase"]
[SourceDate "2016.10.25"]
[SourceVersion "1"]
[SourceVersionDate "2016.10.25"]
[SourceQuality "1"]

1. e4 c5 2. Nf3 a6 3. d4 cxd4 4. Nxd4 e5 5. Nf3 d6 6. Be3 Nf6 7. Bd3 Nc6 8. a3 Be7 9. Nbd2 Rb8 10. 0-0 0-0 11. Rb1 Bg4 12. Qc1 Rc8 13. Ne1 b5 14. f3 Be6 15. b4 d5 16. exd5 Nxd5 17. Bf2 Bg5 18. Bc5 Re8 19. Rf2 Nc3 20. Ra1 Nd4 21. Kh1 Be3 22. Rf1 Qg5 23. f4 Bxf4 24. Rxf4 Qxf4 25. Ndf3 Qxc1 26. Rxc1 Nxf3 27. gxf3 Bd5 28. Kg2 Rc6 29. Kf2 g6 30. Ng2 Rf6 31. Ne1 h5 32. Ke3 Na4 33. c4 Nxc5 34. cxd5 Nxd3 35. Nxd3 Rd6 36. Rc5 f6 37. Ke4 f5+ 38. Ke3 Kg7 39. Ne1 Red8 40. Rc7+ Kf6 41. Ra7 Rc8 42. Kd2 Rxd5+ 43. Nd3 Rcd8 44. Rxa6+ Kg5 0-1

[Event "Marianske Lazne-D 13th"]
[Site "Marianske Lazne"]
[Date "2014.01.22"]
[Round "6"]
[White "Kosina, Vladimir"]
[Black "Rychtecky, Pavel"]
[Result "1-0"]
[WhiteElo "1793"]
[BlackElo "1718"]
[PlyCount "105"]
[EventDate "2014.01.18"]
[EventType "tourn"]
[EventRounds "9"]
[EventCountry "CZE"]
[SourceTitle "CBM 158 Extra"]
[Source "ChessBase"]
[SourceDate "2014.02.28"]
[SourceVersion "1"]
[SourceVersionDate "2014.02.28"]
[SourceQuality "1"]

1. d4 Nf6 2. g3 c6 3. Bg2 d5 4. c4 e6 5. Nf3 Nbd7 6. Nc3 Be7 7. 0-0 0-0 8. Bd2 Ne4 9. c5 Nxd2 10. Qxd2 Nf6 11. Qd3 h6 12. b4 b6 13. a4 bxc5 14. bxc5 a5 15. Ne5 Qc7 16. Rfb1 Bxc5 17. Nxf7 Rxf7 18. dxc5 Ba6 19. Qc2 Nd7 20. Nd1 Qe5 21. e3 Rff8 22. f4 Qc7 23. Bh3 Rf6 24. Nf2 Re8 25. Ng4 Rf7 26. Qg6 Kf8 27. Rc1 Be2 28. Nf2 Rf6 29. Qc2 Bh5 30. Qc3 Bg6 31. Bg2 e5 32. Re1 Rf7 33. Rac1 Rfe7 34. Bh3 exf4 35. gxf4 Nf6 36. Qd4 Rb8 37. Nd3 Re4 38. Qa1 Rb3 39. Ne5 Be8 40. Kf2 Reb4 41. Bf5 Qe7 42. Re2 Ne4+ 43. Bxe4 Rxe4 44. Rc3 Qh4+ 45. Kg2 Rbb4 46. Ra3 Qd8 47. Rd2 Qf6 48. Rf2 Qe7 49. Rc2 g5 50. Nd3 Rbc4 51. Qh8+ Kf7 52. Rxc4 Rxc4 53. Ne5+ 1-0

[Event "Marianske Lazne-D 13th"]
[Site "Marianske Lazne"]
[Date "2014.01.19"]
[Round "2"]
[White "Kosina, Vladimir"]
[Black "Vorobyov, Yurij"]
[Result "0-1"]
[WhiteElo "1793"]
[BlackElo "2200"]
[PlyCount "70"]
[EventDate "2014.01.18"]
[EventType "tourn"]
[EventRounds "9"]
[EventCountry "CZE"]
[SourceTitle "CBM 158 Extra"]
[Source "ChessBase"]
[SourceDate "2014.02.28"]
[SourceVersion "1"]
[SourceVersionDate "2014.02.28"]
[SourceQuality "1"]

1. e4 c5 2. Nf3 a6 3. d4 cxd4 4. Nxd4 Nf6 5. Nc3 e5 6. Nb3 Bb4 7. Bd3 d5 8. exd5 Qxd5 9. 0-0 Bxc3 10. bxc3 0-0 11. c4 Qc6 12. Ba3 Re8 13. Re1 Bg4 14. f3 Bh5 15. Qd2 Nbd7 16. Rab1 b6 17. Qe3 Bg6 18. Nd2 Rac8 19. Rb3 Re6 20. Reb1 e4 21. fxe4 Nxe4 22. Nxe4 Bxe4 23. Qd2 Rce8 24. Re1 h6 25. Bf1 Ne5 26. Rc3 f5 27. h3 Kh7 28. Qf2 Rg6 29. Kh1 Nf7 30. Bc1 Bxg2+ 31. Kh2 Rxe1 32. Qxe1 Qc7+ 33. Kg1 Bxf1+ 34. Kxf1 Qh2 35. Qe3 Rg2 0-1

[Event "Brno op 4th"]
[Site "Brno"]
[Date "2013.11.17"]
[Round "2"]
[White "Kosina, Vladimir"]
[Black "Klimina, Nina F"]
[Result "1-0"]
[WhiteElo "1775"]
[BlackElo "1345"]
[PlyCount "55"]
[EventDate "2013.11.16"]
[EventType "swiss"]
[EventRounds "9"]
[EventCountry "CZE"]
[SourceTitle "CBM 157 Extra"]
[Source "ChessBase"]
[SourceDate "2013.12.19"]
[SourceVersion "1"]
[SourceVersionDate "2013.12.19"]
[SourceQuality "1"]

1. e4 c5 2. Nf3 Nc6 3. Nc3 d6 4. h3 g6 5. d4 cxd4 6. Nxd4 Bg7 7. Be3 e6 8. Qd2 a6 9. Be2 Nge7 10. 0-0 0-0 11. Rad1 f5 12. exf5 Nxd4 13. Bxd4 e5 14. Bc5 Bxf5 15. Bxd6 Re8 16. Bc4+ Kh8 17. g4 Bd7 18. Bf7 Rf8 19. Bxg6 Nxg6 20. Bxf8 Qxf8 21. Qxd7 Nh4 22. Rd3 Nf3+ 23. Kg2 Nd4 24. f4 Qb4 25. fxe5 Bxe5 26. Rf7 Qxb2 27. Rxh7+ Kg8 28. Qf7# 1-0

[Event "Brno op 3rd"]
[Site "Brno"]
[Date "2012.11.17"]
[Round "9"]
[White "Doskar, Miloslav"]
[Black "Kosina, Vladimir"]
[Result "1-0"]
[WhiteElo "1728"]
[BlackElo "1807"]
[PlyCount "107"]
[EventDate "2012.11.10"]
[EventType "swiss"]
[EventRounds "9"]
[EventCountry "CZE"]
[SourceTitle "CBM 151 Extra"]
[Source "ChessBase"]
[SourceDate "2012.12.18"]
[SourceVersion "1"]
[SourceVersionDate "2012.12.18"]
[SourceQuality "1"]

1. d4 d6 2. c4 g6 3. Nf3 Bg7 4. Nc3 c6 5. e4 Nd7 6. Be2 Qc7 7. Be3 b6 8. 0-0 Bb7 9. Rc1 Ngf6 10. h3 h6 11. Qd2 a6 12. d5 c5 13. Bd3 g5 14. Ne2 g4 15. Nh4 gxh3 16. gxh3 Ne5 17. f4 Nxd3 18. Qxd3 Bc8 19. Kh2 Nh5 20. Rc2 Bf6 21. Ng2 Rg8 22. f5 Be5+ 23. Bf4 Nxf4 24. Nexf4 b5 25. Ne3 h5 26. b3 e6 27. Rg2 Rxg2+ 28. Kxg2 Qe7 29. Kh1 Qg5 30. Ne2 Qh4 31. Ng2 Qf6 32. Rf3 exf5 33. exf5 Bd7 34. Qe4 0-0-0 35. Ne1 Rg8 36. Nd3 Qg5 37. Rf2 Bd4 38. Rf1 Re8 39. Qf4 Be3 40. Qxd6 Qh6 41. f6 Bxh3 42. Qxa6+ Kd8 43. Qb6+ Kd7 44. Qxb5+ Kd8 45. Qb8+ Kd7 46. Ne5+ Rxe5 47. Qxe5 Qg6 48. Qe7+ Kc8 49. Qf8+ Kb7 50. Qe7+ Ka6 51. Qd6+ Ka5 52. b4+ Kxb4 53. Qb6+ Ka4 54. Qb5+ 1-0